Bundesliga Teams 2025/26 - Statistics

General Stats
  • This quiz has been taken 8 times
  • The average score is 7 of 12
Answer Stats
Answer % Correct
Red Bull Salzburg
100%
SK Sturm Graz
88%
Austria Wien
75%
LASK
75%
Rapid Wien
75%
FC Blau-Weiss Linz
63%
Wolfsberger AC
50%
Grazer AK 1902
38%
TSV Hartberg
38%
WSG Tirol
38%
SCR Altach
25%
SV Ried
13%
No matching quizzes found
Score Distribution
Percent of People with Each Score
Percentile by Number Answered
Your Score History
You have not taken this quiz